| 000 | 00707nam a22002057a 4500 | ||
|---|---|---|---|
| 999 |
_c3765 _d3765 |
||
| 003 | AR-CdUCM | ||
| 008 | 190307b ||||| |||| 00| 0 spa d | ||
| 040 |
_aMUNICIPALIDAD PROVINCIAL DEL CUSCO _cBIBLIOTECA MUNICIPAL DEL CUSCO |
||
| 082 |
_a869.226 / _bB74 |
||
| 100 |
_aBorges, Jorge Luis _92792 |
||
| 245 | _aEl informe de Brodie / | ||
| 260 |
_aBuenos Aires : _bEmecé Editores, _c1970. |
||
| 300 |
_a151 paginas ; _c18 cm. |
||
| 505 | _aContenido :La intrusa -- El indigno -- Historia de Rosendo Juarez -- El encuentro -- Juan Muraña ... | ||
| 650 |
_aCuentos argentinos _92794 |
||
| 650 |
_aLiteratura argentina _984 |
||
| 650 |
_aFabulas argentinas _912172 |
||
| 942 |
_2ddc _cLIBROS |
||
| 945 | _arum | ||